| 000 | 01807cam a2200313 a 4500 | ||
|---|---|---|---|
| 001 | 15312380 | ||
| 003 | ARRUPE | ||
| 005 | 20150805020016.0 | ||
| 008 | 080602s2008 ilu 000 0 eng | ||
| 010 | _a 2008023687 | ||
| 020 | _a9780829427189 | ||
| 020 | _a082942718X | ||
| 035 | _a(OCoLC)ocn213445860 | ||
| 035 | _a(OCoLC)213445860 | ||
| 040 |
_aDLC _cDLC _dYDX _dBTCTA _dBAKER _dYDXCP _dCDX _dDLC |
||
| 050 | 0 | 0 |
_aBX2179.L8 _bF575 2008 |
| 100 | 1 |
_aFleming, David L., _d1934- _911364 |
|
| 245 | 1 | 0 |
_aWhat is Ignatian spirituality? / _cDavid L. Fleming. |
| 260 |
_aChicago, Ill. : _bLoyola Press, _cc2008. |
||
| 300 |
_aix, 113 p. ; _c18 cm. |
||
| 500 | _a"Excerpts from the Spiritual exercises are from Draw me into your friendship by David L. Fleming, published by Institute of Jesuit Sources, St. Louis, MO., 1996"--T.p. verso. | ||
| 505 | 0 | _aA vision of life, work, and love -- God is love loving -- A spirituality of the heart -- A reflective spirituality -- Sin is a lack of gratitude -- The spiritual life is a pilgrimage -- God calls, we respond -- God communicates in many ways -- Prayer is a conversation -- Pray with your imagination -- Knowing the Jesus who is poor -- Sharing in the mission of Christ -- A way to clarify your values -- The greatest mark of God's love -- Seeking the grace of compassion -- A way to discern God's will -- Working with others -- Being helpful -- Jesus is all heart. | |
| 600 | 0 | 0 |
_aIgnatius, _cof Loyola, Saint, _d1491-1556. _tExercitia spiritualia. _911365 |
| 650 | 0 |
_aSpiritual life _xCatholic Church. _911366 |
|
| 856 | _ul | ||
| 906 |
_a7 _bcbc _corignew _d1 _eecip _f20 _gy-gencatlg |
||
| 942 |
_2lcc _cMONOGRAPH _05 |
||
| 999 |
_c120866 _d120866 |
||